Statistiques du Commerce Exterieur de l'Union Economique Belgo-Luxembourgeoise 1986 Addendum

Saved in:
Bibliographic Details
Format: Book
Language:French
Published: Bruxelles Institut National de Statistique 1986
Edition:1. éd.
Tags: Add Tag
No Tags, Be the first to tag this record!

MARC

LEADER 00000nam a2200000 4500
001 c024330
005 20221220072914.2
041 0 |a fre 
044 |a BE 
245 1 0 |a Statistiques du Commerce Exterieur de l'Union Economique Belgo-Luxembourgeoise 1986  |b Addendum 
250 |a 1. éd. 
264 1 |a Bruxelles  |b Institut National de Statistique  |c 1986 
300 |a 216 s.